Pre firemných bankárov sú čoraz zaujímavejší menší klienti

Slovenskí firemní bankári obrátili pozornosť na stredné a malé podniky. Úvery týmto podnikom dosahujú v posledných rokoch 30 - 40 percentné rasty. Zostrenie boja o klientov. Situácia v bankách pred privatizáciou a po nej. Po privatizácii a ozdravení sa banky pustili znova aj do firemného biznisu a t...

Full description

Saved in:
Bibliographic Details
Main Author: Mravcová, Jana
Format: Book Chapter
Language:Slovak
Subjects:
Tags: Add Tag
No Tags, Be the first to tag this record!

MARC

LEADER 00000naa$a2200000$$$4500
001 0052540
005 20231009072858.4
041 0 |a slo 
044 |a SK 
245 1 0 |a Pre firemných bankárov sú čoraz zaujímavejší menší klienti  |c Jana Mravcová 
520 |a Slovenskí firemní bankári obrátili pozornosť na stredné a malé podniky. Úvery týmto podnikom dosahujú v posledných rokoch 30 - 40 percentné rasty. Zostrenie boja o klientov. Situácia v bankách pred privatizáciou a po nej. Po privatizácii a ozdravení sa banky pustili znova aj do firemného biznisu a trh sa výrazne zmenil. Atraktívne odvetvia pre banky - automobilový priemysel, strojárstvo, elektrotechnika a IT priemysel. Nedostatok kvalitnej pracovnej sily vo firemnom bankovníctve. 
610 2 0 |a banky 
610 2 0 |a bankovníctvo 
610 2 0 |a financovanie 
610 2 0 |a podnik malý 
610 2 0 |a podnik stredný 
610 2 0 |a úver bankový 
610 2 0 |a klienti 
610 2 0 |a konkurencia 
100 1 |a Mravcová, Jana